000 01031cab a2200205 4500
001 L135844
008 061213n2006 000 0 eng u
035 _a(Sirsi) u135844
041 0 _aeng
100 1 _aRoss, Jonathan
245 0 0 _aCase news
_bBBS Fashion Merchandising v Urban Regeneration Agency
260 _c2006
490 0 _aProperty Week
_v71(44) 24 November 2006, 72(1)
520 _aThe Urban Regeneration Agency has been ordered to pay more than £200,000 it retained for a three month period against the purchase price of a property in lieu of the carrying out of an environmental survey. The agency claimed that it had a further three months to pay the £200,000, but the court ruled that BBS was entitled to receive the remaining money after three months, not six.
590 _aKA
650 2 4 _aBBS FASHION MERCHANDISING V URBAN REGENERATION AGENCY
651 4 _aEngland and Wales
_y1543-
690 _aPROPERTY-COMMERCIAL PROPERTY-LEASEHOLD COMMERCIAL PROPERTY-COMMERCIAL LANDLORD AND TENANT
942 _n0
999 _c78035
_d78035